000 00648nam a2200193Ia 4500
008 151121s9999||||xx |||||||||||||| ||und||
082 _a813/ पांढरी
082 _bHNW-75246
100 _aपांढरीपांडे विजय
245 _aपत्रांजली
260 _b"दिलीपराज ऍन्ड कंपनी, पुणे।"
260 _c--
300 _a180
600 _aपांढरीपांडे विजय
630 _aपत्रांजली
700 _aपांढरीपांडे विजय
730 _aपत्रांजली
942 _cBOOK
999 _c1256689
_d1256686